Manual de finanzas públicas (Registro nro. 929)

Detalles MARC
000 -LEADER
fixed length control field 01164 a2200277 4500
001 - CONTROL NUMBER
control field 22209
005 - DATE AND TIME OF LATEST TRANSACTION
control field 20260407155511.0
008 - FIXED-LENGTH DATA ELEMENTS--GENERAL INFORMATION
fixed length control field 260407a1977 arg spa d
003 - CONTROL NUMBER IDENTIFIER
control field AR-UNSa-BCEJYS
040 ## - CATALOGING SOURCE
Original cataloging agency AR-UNSa-BCEJYS
Language of cataloging spa
Transcribing agency AR-UNSa-BCEJYS
080 ## - UNIVERSAL DECIMAL CLASSIFICATION NUMBER
Universal Decimal Classification number 336.1
Common auxiliary subdivision Finanzas Públicas. Finanzas del gobierno en general<br/> <br/>
100 1# - MAIN ENTRY--PERSONAL NAME
Personal name Albacete, Carlos Eduardo
245 10 - TITLE STATEMENT
Title Manual de finanzas públicas
264 #1 - PRODUCTION, PUBLICATION, DISTRIBUTION, MANUFACTURE, AND COPYRIGHT NOTICE
Place of production, publication, distribution, manufacture Buenos Aires :
Name of producer, publisher, distributor, manufacturer A-Z Editora
Date of production, publication, distribution, manufacture, or copyright notice 1977
300 ## - PHYSICAL DESCRIPTION
Extent xxx, 512 p.
Dimensions 22 cm.
505 ## - FORMATTED CONTENTS NOTE
Formatted contents note 1. Finanzas liberales, intervencionistas y de planificación centralizada - 2. Gastos Públicos - 3. Recursos públicos - 4. Sistema Tributario - 5. Efectos económicos de los impuestos - 6. Crédito público - 7. El presupuesto del estado.
590 ## - LOCAL NOTE (RLIN)
Local note niveau_biblio:m niveau_hierar:0
700 1# - ADDED ENTRY--PERSONAL NAME
Personal name Mordeglia, Roberto M.
700 1# - ADDED ENTRY--PERSONAL NAME
Personal name Fernández de la Puente, Elena
700 1# - ADDED ENTRY--PERSONAL NAME
Personal name Damarco, Jorge Héctor
700 1# - ADDED ENTRY--PERSONAL NAME
Personal name Galli, Guillermo P.
700 1# - ADDED ENTRY--PERSONAL NAME
Personal name Navarro, Patricio A.
700 1# - ADDED ENTRY--PERSONAL NAME
Personal name Torres, Agustín
856 41 - ELECTRONIC LOCATION AND ACCESS
Uniform Resource Identifier <a href="https://biblioeco.unsa.edu.ar/pmb/images/libros/Manula de Finanzas P?blicas.jpg">https://biblioeco.unsa.edu.ar/pmb/images/libros/Manula de Finanzas P?blicas.jpg</a>
Link text Imagen de portada
Electronic format type image/jpeg
942 ## - ADDED ENTRY ELEMENTS (KOHA)
Koha item type
Existencias
Withdrawn status Lost status Damaged status Not for loan Home library Current library Shelving location Date acquired Total checkouts Full call number Barcode Date last seen Price effective from Koha item type
        Biblioteca Prof. Eusebio Cleto del Rey Biblioteca Prof. Eusebio Cleto del Rey   07/04/2026   336.1 M294 L28815 07/04/2026 07/04/2026 Libro